| 000 | 00794nac a22002531i 4500 | ||
|---|---|---|---|
| 003 | EG-ScBUE | ||
| 005 | 20250618085816.0 | ||
| 008 | 250618t1970 enka f b 000 0 eng d | ||
| 020 | _a0080066305 | ||
| 040 |
_aEG-ScBUE _beng _erda _cEG-ScBUE _dEG-ScBUE |
||
| 082 | 0 | 4 |
_a539.75 _bMCC _222 |
| 100 | 1 |
_aMcCarthy, I. E., _eauthor. |
|
| 245 | 0 | 0 |
_aNuclear reactions / _cby I. E. McCarthy. |
| 264 | 1 |
_aOxford : _bPergamon Press, _c[1970] |
|
| 264 | 4 | _cc1970 | |
| 300 |
_aviii, 327 pages : _billustrations ; _c20 cm. |
||
| 336 |
_2rdacontent _atext _btxt |
||
| 337 |
_aunmediated _2rdamedia _bn |
||
| 338 |
_avolume _bnc _2rdacarrier |
||
| 490 | 0 | _aSelected reading in physics | |
| 504 | _aIncludes bibliographical references. | ||
| 650 | 7 |
_aNuclear reactions. _2BUEsh |
|
| 942 |
_cBB _2ddc |
||
| 999 |
_c6990 _d6990 |
||